01168nam a2200193Ia 4500001001000000003001000010008004100020040002500061041001300086100002600099245005500125250001100180260009200191300002800283500026000311501011400571520026000685650002900945L232-6748IT-CnALBA170116s9999||||xx |||||||||||||| ||und|| aIT-CnALBAcIT-CnALBA aITALIANO aBORRAGAM MATA VICENTE 0aIL TUO SERVO ASCOLTA. L'ACCOGLIENZA DELLA PAROLA.  a1a ed. aCINISELLO BALSAMO (MI)bEDIZIONI PAOLINEc1994 [1° Ed.:1994 - Ed.Ling.Originale: 1990] a216 p. (prefazione: 56) aTRADUZIONE DALLO SPAGNOLO DI GIULIANO CAPOSIO. PAROLA E ASCOLTO. INVITO DI DIO AD ISRAELE ALL'ASCOLTO DELLA PAROLA. INTERIORIZZAZIONE DELLA PAROLA. PRATICA DELLA PAROLA. PROMEMORIA DELLA PAROLA. ASCOLTO E VITA. IL RIFIUTO DELLA PAROLA. MALEDIZIONE. CUORE  aSocietà San Paolo EM - Piazza San Paolo, 14 - 12051 ALBA (CN) (non commercial uses only) ® Copyright 2017 aTRADUZIONE DALLO SPAGNOLO DI GIULIANO CAPOSIO. PAROLA E ASCOLTO. INVITO DI DIO AD ISRAELE ALL'ASCOLTO DELLA PAROLA. INTERIORIZZAZIONE DELLA PAROLA. PRATICA DELLA PAROLA. PROMEMORIA DELLA PAROLA. ASCOLTO E VITA. IL RIFIUTO DELLA PAROLA. MALEDIZIONE. CUORE  aVITA E MISTERO DI CRISTO